[Event "CHI-ch Absoluto 2020"]
[Site "Las Condes"]
[Date "2020.02.13"]
[Round "3.1"]
[White "Reinuaba Escobar, Carlos"]
[Black "Salinas Herrera, Pablo Patricio"]
[Result "0-1"]
[WhiteElo "2184"]
[BlackElo "2502"]
[Annotator "TA"]
[PlyCount "63"]
[EventDate "2020.02.11"]
[EventType "tourn"]
[EventCountry "CHI"]
[SourceTitle "playchess.com"]
[Source "ChessBase"]
[SourceQuality "1"]

{[%evp 12,63,25,11,66,0,17,28,29,23,86,-18,-13,-10,-14,-11,13,12,-4,-75,-68,-95,-112,-129,-92,-86,-64,-122,-62,-90,-104,-125,-81,-120,-124,-186,-179,-551,-551,-481,-511,-502,-497,-684,-420,-1162,-1138,-1162,-1132,-29990,-29991,-29991,-29992,-29996]} 1. Nf3 g6 2. d4 Bg7 3. e4 d6 4. Nc3 Nf6 5. Bc4 O-O 6. Qe2 Bg4 7. e5 Ne8 {B08: Pirc Defence: Classical System.} (7... dxe5 $11 8. dxe5 Nh5) 8. Bf4 (8. Bg5 $1 $14) 8... c6 9. h3 Bxf3 {White has an edge.} 10. Qxf3 {[#]} Nc7 $146 (10... Nd7 $11) ({Predecessor:} 10... d5 11. Bb3 e6 12. Ne2 Nd7 13. Qe3 f6 14. exf6 Qxf6 15. O-O e5 16. dxe5 Nxe5 17. Bxe5 Qxe5 18. Qxe5 Bxe5 {0-1 (76) Hebden,M (2467)-Hillarp Persson,T (2539) London 2015}) 11. exd6 (11. O-O-O $16) 11... exd6 $11 12. O-O-O d5 13. Bb3 Ne6 14. Be3 Nd7 {[%cal Bb8d7,Bd7b6,Bb6c4][%mdl 32]} 15. Rhe1 (15. h4 $11 {keeps the balance.}) 15... b5 $17 16. Ne2 a5 {aiming for ...a4.} 17. c3 Nb6 18. Kb1 Nc4 19. Bc1 {[#]} (19. Nf4 $15) 19... Ng5 ({Black should try} 19... Qb6 $1 $17 20. Nf4 a4 21. Bxc4 bxc4 22. Nxe6 fxe6) 20. Qd3 Ne4 21. Rf1 Qb6 22. f3 Ned6 23. Rfe1 (23. Bxc4 $17 {was worth a try.} Nxc4 24. Ka1) 23... a4 $19 24. Bc2 $2 {[#]} (24. Bxc4 {was the crucial defense.} bxc4 25. Qc2) 24... b4 $1 25. cxb4 Qxb4 26. Qc3 Qb7 27. Ka1 Rfb8 28. Nf4 (28. Bd3 $142 a3 29. Bxc4 dxc4 30. b3) 28... Nb5 29. Qd3 Nxd4 30. Re2 {[#]} Nb3+ $1 {[%mdl 512]} 31. Bxb3 (31. axb3 axb3+) 31... axb3 32. a3 {Accuracy: White = 36%, Black = 66%.} 0-1

[Event "CHI-ch Absoluto 2020"]
[Site "Las Condes"]
[Date "2020.02.13"]
[Round "3.2"]
[White "Gomez Barrera, Gonzalo Andres"]
[Black "Gasic Merino, Franco Ignacio"]
[Result "1/2-1/2"]
[WhiteElo "2040"]
[BlackElo "2168"]
[Annotator "TA"]
[PlyCount "129"]
[EventDate "2020.02.11"]
[EventType "tourn"]
[EventCountry "CHI"]
[SourceTitle "playchess.com"]
[Source "ChessBase"]
[SourceQuality "1"]

{[%evp 9,129,35,46,41,41,47,52,-34,-33,-49,-41,-59,-35,-32,0,-81,-71,-74,-73,-80,-74,-96,-56,-56,-63,-66,-57,-59,-56,-54,-39,-51,-35,-47,-27,-30,-11,-24,-6,-23,-22,-46,0,-69,-15,-22,0,-24,0,-30,-8,-41,0,-23,-23,-18,-20,-50,-49,-50,-10,-15,0,-69,3,5,10,15,23,19,137,125,164,191,154,52,57,53,53,53,57,0,18,0,0,0,0,0,0,0,0,0,0,0,0,0,44,0,447,8,8,0,152,8,8,0,177,166,166,0,0,0,0,0,0,0,0,0,0,0,0,0]} 1. d4 Nf6 2. c4 g6 3. Nc3 Bg7 4. e4 d6 5. h3 Nc6 6. Be3 {E71: King's Indian: 4 e4 d6 5 h3.} e5 7. d5 Nd4 8. Bxd4 (8. Nge2 $14) 8... exd4 $15 9. Qxd4 O-O $1 {[#] Hoping for ...Nxe4!} 10. Qd3 $146 ({Predecessor:} 10. O-O-O Re8 11. Qd3 Nd7 12. f3 a6 13. Nge2 Ne5 14. Qe3 Nxc4 15. Qf2 b5 16. Nd4 {1-0 (54) Grigoryan,M (2020)-Marley,A (1931) Bournemouth 2012}) 10... Re8 {aiming for ...Nxe4!} 11. Nge2 Qe7 {[%cal Rf6e4]} 12. O-O-O (12. f3 $11 {keeps the balance.}) 12... Nxe4 $17 13. Nxe4 Qxe4 14. Qxe4 Rxe4 15. Nc3 Re7 16. Bd3 Bd7 17. Rhe1 Rxe1 18. Rxe1 a6 19. Kc2 Kf8 20. g4 Rb8 21. b3 b5 22. a3 Bd4 23. f3 f5 24. Ne2 Re8 25. Rf1 Be3 26. Ng3 (26. cxb5 $11 axb5 27. Nc3) 26... Bf4 (26... bxc4 $15 27. Bxc4 a5) 27. Ne2 $11 Be5 28. Nc3 Rb8 29. Ne2 Kf7 30. f4 Bf6 (30... bxc4 {keeps more tension.} 31. Bxc4 Bg7 32. g5 h6 33. gxh6 Bxh6 34. Nd4 a5) 31. gxf5 Bxf5 32. Bxf5 gxf5 {[%mdl 4096] Endgame KRB-KRN} 33. Kd3 bxc4+ 34. Kxc4 Re8 35. Kd3 $1 Rb8 ({Better is} 35... Bb2 $11) 36. Kc4 $15 Rb5 ({Black should play} 36... Bb2 $15) 37. b4 $11 Rb8 38. Ng3 Re8 39. Kd3 Rg8 (39... Kg6 $11 {remains equal.}) 40. Nxf5 $16 Rg2 41. Rc1 $1 {[%cal Rc1c7]} Kg6 42. Ne3 (42. Ke4 $1 $16) 42... Ra2 $1 $14 43. Rxc7 Rxa3+ 44. Ke4 Rb3 45. f5+ (45. Rc4 $14) 45... Kg5 46. Rc4 (46. Rb7 {feels hotter.} Bc3 47. h4+ Kxh4 48. Nc4 Kg5 49. Nxd6 h5 50. b5) 46... h5 47. Kf3 Bc3 48. h4+ Kf6 {Threatens to win with ...Bd2.} 49. Re4 Bxb4 (49... Bd2 $5 50. Re6+ $8 Kf7 $11) 50. Re6+ Kf7 51. Ke4 Rc3 52. f6 a5 53. Kf5 {Black must now prevent Re7+.} (53. Nf5 $5 {[%cal Rf5h6]}) 53... Rc7 $2 {[%mdl 8192] [#]} (53... Bc5 $1 $11 54. Re7+ Kf8) 54. Re4 $2 (54. Nf1 $1 $18) 54... Bc3 $11 55. Nc4 Rd7 $2 (55... Bb4 $11) 56. Nb6 (56. Re6 $16 Bb4 57. Nb6) 56... Rc7 57. Nc4 $2 (57. Re6 $11) 57... Rd7 $18 58. Re6 Bb4 {[#]} 59. Kg5 $2 (59. Nb6 $1 $18 {[%cal Rb6d7]} Rc7 60. Na4) 59... a4 $11 {Strongly threatening ...Ra7.The position is equal.} 60. Nb6 Ra7 {[#] ...a3 is the strong threat.} 61. Nc8 $1 {[%mdl 576] Double Attack} a3 {And now ...a2! would win.} 62. Nxa7 a2 63. Re7+ $1 Kf8 64. Kg6 {Threatening mate with Rb7.} a1=Q {( -> ...Qb1+)} 65. Rf7+ {Accuracy: White = 69%, Black = 73%.} 1/2-1/2

[Event "CHI-ch Absoluto 2020"]
[Site "Las Condes"]
[Date "2020.02.13"]
[Round "3.3"]
[White "Olivares Olivares, Claudio"]
[Black "Aguirre Contreras, Cristian Rodrigo"]
[Result "0-1"]
[WhiteElo "2395"]
[BlackElo "2187"]
[Annotator "TA"]
[PlyCount "96"]
[EventDate "2020.02.11"]
[EventType "tourn"]
[EventCountry "CHI"]
[SourceTitle "playchess.com"]
[Source "ChessBase"]
[SourceQuality "1"]

{[%evp 23,96,36,50,39,48,37,50,47,48,8,4,-24,0,0,0,0,0,0,50,49,40,31,71,31,70,57,83,75,189,138,139,141,169,133,137,107,133,99,130,126,165,146,255,233,237,226,237,220,264,202,211,191,183,91,83,8,8,58,64,-446,-374,-487,-463,-462,-443,-500,-533,-29979,-29980,-29980,-29981,-29986,-29984,-29979,-29980]} 1. e4 c5 2. Nf3 Nc6 3. d4 cxd4 4. Nxd4 Nf6 5. Nc3 e5 6. Ndb5 d6 7. Bg5 a6 8. Na3 b5 9. Nd5 Qa5+ 10. Bd2 Qd8 11. Bd3 Nxd5 12. exd5 Ne7 13. c4 {B33: Sicilian: Pelikan and Sveshnikov Variations.} g6 $1 14. cxb5 Bg7 $1 15. bxa6 {White is slightly better.} O-O {Threatening ...e4.} 16. Bc4 Bxa6 17. Bc3 {[#]} Qc7 $146 ({Predecessor:} 17... Qc8 18. Bxa6 Qxa6 19. Nc2 e4 20. Bxg7 Kxg7 21. Qe2 Qxe2+ 22. Kxe2 Nxd5 23. Rhd1 Nf4+ {1-0 (40) Lindholm,J (2130)-Finn,P (1820) London 2018}) 18. Bxa6 Rxa6 19. Nc2 $1 Qc4 20. Ne3 Qe4 (20... Qc5 {feels hotter.} 21. O-O Bh6 22. Qd3 Rfa8 23. b4 Qb6) 21. O-O Rfa8 22. a3 f5 23. Re1 Bh6 24. Qd2 Qh4 25. Qd3 f4 (25... Qa4 $16) 26. Nf1 (26. Nc4 $18) 26... Nf5 27. Nd2 Bf8 28. Ne4 Be7 29. Qf3 Qh6 30. g3 Rf8 {Black wants to play ...fxg3.} 31. Qg4 fxg3 32. hxg3 ({Resist} 32. fxg3 $6 Rfa8 $16) 32... Ra7 {[#]} (32... Bd8 $16 33. a4 Bb6) 33. a4 $1 $18 {[%cal Ba3a4,Ba4a5][%mdl 32]} Qg7 34. a5 h5 35. Qe2 Qf7 36. Rad1 g5 37. b4 Bd8 38. Qd2 (38. Ra1 $18 {is more deadly.}) 38... Qg6 39. b5 (39. Qc2 $16) 39... g4 $1 $11 40. b6 Rh7 $1 41. Qe2 $2 {[%mdl 8192]} (41. Nxd6 $1 $14 Nxd6 42. Bxe5 (42. Rxe5 h4 $11)) 41... h4 $19 42. Kg2 {And now Rh1 would win.} hxg3 43. Nxg3 Nh4+ ({Not} 43... Nxg3 44. fxg3 Rf3 45. Bxe5 $19) 44. Kf1 {Black should prevent Qe4.} Rhf7 45. Ne4 g3 {Black mates.} 46. Rd3 Rxf2+ {[%mdl 64] [#] Double Attack} 47. Kg1 Nf3+ 48. Rxf3 R8xf3 {Accuracy: White = 53%, Black = 69%.} 0-1

[Event "CHI-ch Absoluto 2020"]
[Site "Las Condes"]
[Date "2020.02.13"]
[Round "3.4"]
[White "Valenzuela Fuentealba, Luis"]
[Black "Garcia Cardenas, Pablo"]
[Result "1-0"]
[WhiteElo "2450"]
[BlackElo "2424"]
[Annotator "TA"]
[PlyCount "101"]
[EventDate "2020.02.11"]
[EventType "tourn"]
[EventCountry "CHI"]
[SourceTitle "playchess.com"]
[Source "ChessBase"]
[SourceQuality "1"]

{[%evp 13,101,18,17,16,18,14,34,26,24,24,21,16,40,40,55,55,64,64,77,77,79,79,84,76,78,84,84,79,87,87,80,85,93,94,94,90,107,106,106,106,112,106,97,86,87,92,89,85,99,99,99,99,100,99,112,113,144,141,152,134,174,168,168,168,161,172,158,170,164,168,176,164,252,252,246,254,234,231,1493,1160,29953,29953,29949,29950,12832,12821,29959,11268,29969,29968]} 1. d4 Nf6 2. Nf3 d5 3. c4 e6 4. Nc3 Be7 5. Bf4 O-O 6. e3 b6 {6...Nbd7 is setting a new trend.} 7. Rc1 c5 8. dxc5 {D37: Queen's Gambit Declined: 5 Bf4.} bxc5 9. Be2 Bb7 10. O-O {White is slightly better.} Nbd7 11. Qb3 Qb6 12. cxd5 exd5 13. Rfd1 {[#]} Rac8 $146 ({Predecessor:} 13... h6 14. Nh4 Rfd8 15. Nf5 Bf8 16. Bf3 Qxb3 17. axb3 Nb6 18. g4 Rd7 19. Nb5 Ne8 {0-1 (40) Huber,M (2286)-Nemeth,M (2499) Austria 2015}) 14. Ne5 $36 {[%mdl 2048] Hoping for Nxd7. White has good play.} Qxb3 15. axb3 {aiming for Nxd7.} Rfd8 16. Ra1 d4 17. exd4 ({Not} 17. Rxa7 dxc3 18. Rxb7 Nxe5 $15) 17... cxd4 18. Rxd4 Bc5 19. Rdd1 Nxe5 20. Bxe5 Ne4 21. Nxe4 Bxe4 22. Ba6 Rxd1+ 23. Rxd1 Re8 24. Bc3 Bc2 25. Rd5 Bb6 26. Bc4 Bg6 27. h4 Rd8 28. Kf1 (28. Rg5 {looks sharper.} Kh8 29. Kf1 h6 30. Rd5 Kg8 31. g4) 28... Rxd5 29. Bxd5 $16 {[%mdl 4096] Endgame KBB-KBB} Bd3+ 30. Ke1 h5 31. Bc4 Be4 32. f3 Bb7 33. Ke2 Kf8 34. b4 f6 35. Bd2 a6 36. Bf4 Bd8 37. Bd6+ Ke8 38. b5 axb5 39. Bxb5+ Kf7 40. Bc4+ Ke8 41. b4 {[%cal Bb2b4,Bb4b5][%mdl 32]} g5 42. Bg3 Be7 {[#]} (42... Bb6 $142 43. Kd3 Ke7) 43. b5 $1 $18 Bc5 44. Bd3 Kf7 45. Be4 gxh4 $2 (45... Bc8 46. Bf2 Bd6 47. hxg5 fxg5) 46. Bf2 Bxe4 47. fxe4 Bd6 48. Bxh4 Ke6 49. b6 f5 50. exf5+ Kxf5 51. Kf3 {Accuracy: White = 100%, Black = 65%.} 1-0

[Event "CHI-ch Absoluto 2020"]
[Site "Las Condes"]
[Date "2020.02.13"]
[Round "3.5"]
[White "Vergara Jofre, Felipe Andres"]
[Black "Torres Bravo, Cristobal Renato"]
[Result "0-1"]
[WhiteElo "2217"]
[BlackElo "2372"]
[Annotator "TA"]
[PlyCount "60"]
[EventDate "2020.02.11"]
[EventType "tourn"]
[EventCountry "CHI"]
[SourceTitle "playchess.com"]
[Source "ChessBase"]
[SourceQuality "1"]

{[%evp 9,86,36,33,51,52,24,65,63,77,56,81,79,94,62,111,102,162,167,155,157,163,155,149,164,248,162,142,138,142,142,137,82,144,128,137,0,0,0,0,-12,-18,-125,-110,-212,-220,-219,-217,-163,-152,-149,-137,-261,-261,-254,-252,-251,-230,-250,-261,-255,-245,-252,-251,-247,-251,-258,-256,-286,-283,-465,-462,-454,-433,-679,-679,-679,-600,-670,-626]} 1. e4 g6 2. d4 Bg7 3. Nc3 d6 4. Nge2 a6 5. g3 Nc6 6. Bg2 {B06: Modern Defence.} e5 7. Be3 Nge7 {[#]} 8. d5 $146 {White is slightly better.} ({Predecessor:} 8. O-O O-O 9. d5 Nb8 10. Qd2 f5 11. f3 Nd7 12. b4 Nf6 13. Bh6 Bxh6 14. Qxh6 {½-½ (28) Fernandez Diaz Mascort,M (2246)-Lopez Manzano,A (2099) Sant Adria de Besos 2017}) 8... Nb8 9. Qd2 h6 10. O-O-O b5 11. Kb1 Bd7 12. Nc1 $36 {[%mdl 2048] White is in control.} Qc8 (12... a5 $16) 13. f4 $18 b4 14. N3e2 a5 15. fxe5 dxe5 16. c4 c5 (16... Bh3 $142 17. Bxh3 Qxh3) 17. Nb3 Na6 18. Nxa5 {Hoping for Nb3.} Qc7 19. Nb3 {[#] Strongly threatening d6.} Nc8 20. d6 ({White should play} 20. Rdf1) 20... Qa7 ({Black should try} 20... Qc6) 21. Nec1 Nb6 22. Bxc5 (22. Qe2 $16) 22... Nxc5 $11 23. Nxc5 Nxc4 24. Qxb4 Nxb2 $1 25. Qxb2 (25. Nxd7 $11 Nxd1 26. Rxd1 Qxd7 27. Bh3) 25... Qxc5 $17 26. Rd5 {[#]} (26. Nb3 $17 Qb6 27. Nc1) 26... Qa7 $1 $19 {[%mdl 1024] Black has strong compensation.} 27. Nb3 O-O 28. Rc1 Rfb8 29. Bf1 Be6 30. Rb5 (30. Bc4 $17 {is the only way for White.} Qe3 31. Qg2) 30... Rc8 {Played: Qa7-a4} 0-1

[Event "CHI-ch Absoluto 2020"]
[Site "Las Condes"]
[Date "2020.02.14"]
[Round "4.1"]
[White "Garcia Cardenas, Pablo"]
[Black "Vergara Jofre, Felipe Andres"]
[Result "1-0"]
[WhiteElo "2424"]
[BlackElo "2217"]
[Annotator "TA"]
[PlyCount "91"]
[EventDate "2020.02.11"]
[EventType "tourn"]
[EventCountry "CHI"]
[SourceTitle "playchess.com"]
[Source "ChessBase"]
[SourceQuality "1"]

{[%evp 14,93,16,16,29,9,34,30,30,35,44,38,57,58,58,51,51,46,51,41,43,12,18,16,18,0,10,-8,0,0,0,0,33,27,148,137,108,107,188,174,233,206,276,75,91,79,310,293,412,422,697,689,669,441,441,422,433,425,462,453,425,406,551,577,580,581,569,564,552,511,598,558,826,780,1583,1517,1584,1589,1791,1665,1377,1001]} 1. d4 Nf6 2. c4 e6 3. Nc3 Bb4 4. Nf3 d5 5. Bg5 h6 6. Bxf6 Qxf6 7. Qa4+ Nc6 8. e3 O-O {D38: Queen's Gambit Declined: Ragozin Defence (4 Nf3 Bb4).} 9. Be2 a6 10. O-O dxc4 {White has an edge.} 11. Bxc4 Rb8 {Hoping for ...Bxc3.} 12. Qc2 b5 13. Ne4 Qe7 14. Bd3 Bb7 {[#]} 15. Rfc1 $146 ({Predecessor:} 15. Rac1 Bd6 16. a3 e5 17. d5 Na7 18. Nxd6 cxd6 19. e4 f5 20. Qe2 Nc8 21. Nd2 {0-1 (65) Lenic,L (2637)-Shyam,N (2431) Al Ain 2012}) 15... e5 16. a3 {Threatens to win with d5.} Bd6 17. Nxd6 (17. Re1 {is more complex.} exd4 18. exd4 Qd8 19. b4 Ne7 20. Ne5) 17... cxd6 18. d5 $36 {[%mdl 2048] White is pushing.} Na5 19. e4 f5 20. Qc3 fxe4 21. Bxe4 Nc4 22. Rc2 Qf7 23. Qd3 g5 (23... Nb6 $1 $11) 24. h4 $1 $16 g4 25. Nh2 $1 h5 {[#]} (25... Bc8 $16) 26. Nf1 $1 $18 Rbc8 (26... Nb6 {was necessary.} 27. Ng3 Bxd5) 27. Ng3 Nb6 28. Nf5 $2 (28. Bf5 $18 {has better winning chances. Be6! is the strong threat.} Nxd5 29. Bxc8 Bxc8 30. Qd2) 28... Qf6 $16 29. Rac1 Rxc2 $2 (29... Kh8 $16) 30. Rxc2 $18 Kh8 {[#]} (30... Bc8 {might work better.}) 31. Ng3 $1 Rc8 (31... Kg8 $142 32. Nxh5 Qe7) 32. Rxc8+ Nxc8 33. Qd2 Ne7 34. Nxh5 Qf8 35. b4 Ba8 36. Kh2 Bb7 37. Kg3 Ng8 38. Qg5 {White is clearly winning.} Bc8 39. Qg6 {[%csl Ge4][%cal Rg6h7]} Qe7 40. Bf5 Bxf5 41. Qxf5 e4 42. Qe6 Qxe6 43. dxe6 d5 44. Kf4 Ne7 45. Ke5 Kh7 46. Kf6 {Played: Nh5-f6} 1-0

[Event "CHI-ch Absoluto 2020"]
[Site "Las Condes"]
[Date "2020.02.14"]
[Round "4.2"]
[White "Aguirre Contreras, Cristian Rodrigo"]
[Black "Valenzuela Fuentealba, Luis"]
[Result "0-1"]
[WhiteElo "2187"]
[BlackElo "2450"]
[Annotator "TA"]
[PlyCount "46"]
[EventDate "2020.02.11"]
[EventType "tourn"]
[EventCountry "CHI"]
[SourceTitle "playchess.com"]
[Source "ChessBase"]
[SourceQuality "1"]

{[%evp 13,102,-54,-42,-35,-26,-36,-12,-43,-45,-37,-26,-95,-69,-79,-67,-89,-77,-76,-47,-56,-64,-64,-64,-72,-70,-64,-64,-66,-54,-54,-45,-74,-80,-74,-50,-46,-37,-73,-64,-60,-55,-101,-102,-216,-220,-213,-206,-248,-250,-247,-156,-160,-168,-168,-168,-169,-166,-168,-164,-160,-153,-150,-168,-169,-164,-195,-195,-244,-221,-206,-198,-218,-218,-213,-207,-241,-235,-298,-279,-505,-484,-369,-310,-6418,-6409,-6390,-6107,-6187,-5413,-5085,-4133]} 1. e4 c5 2. c3 Nf6 3. e5 Nd5 4. d4 cxd4 5. Nf3 Nc6 6. cxd4 d6 7. a3 Bg4 8. Be2 {B22: Sicilian: 2 c3.} e6 9. O-O Be7 10. Re1 {The position is equal.} O-O {[#]} 11. h3 $146 ({Predecessor:} 11. Nc3 Nxc3 12. bxc3 dxe5 13. Nxe5 Bxe2 14. Qxe2 Nxe5 15. Qxe5 Rc8 16. Re3 Bf6 17. Qh5 {1-0 (44) Sahin,O (2051)-Kostic,B (2186) Belgrade 2015}) 11... Bh5 12. b4 (12. exd6 $11 Qxd6 13. Nc3) 12... Qb6 13. g4 Bg6 {And now ...dxe5 would win.} 14. b5 Na5 {Hoping for ...Rac8.} 15. Bd2 Rfc8 {aiming for ...Rc2.} 16. Qa4 Bd8 17. Ra2 $1 dxe5 18. Nxe5 Bxb1 $1 19. Rxb1 Nc3 20. Bxc3 $1 Rxc3 21. Qb4 Qc7 22. Kg2 {[#] With the idea Nc6!} Be7 $1 $36 {[%cal Re7b4][%mdl 2048] Keeping White busy.} 23. Qb2 Rd8 {Played: Rc3-b3} 0-1

[Event "CHI-ch Absoluto 2020"]
[Site "Las Condes"]
[Date "2020.02.14"]
[Round "4.3"]
[White "Gasic Merino, Franco Ignacio"]
[Black "Olivares Olivares, Claudio"]
[Result "1-0"]
[WhiteElo "2168"]
[BlackElo "2395"]
[Annotator "TA"]
[PlyCount "35"]
[EventDate "2020.02.11"]
[EventType "tourn"]
[EventCountry "CHI"]
[SourceTitle "playchess.com"]
[Source "ChessBase"]
[SourceQuality "1"]

{[%evp 9,97,-4,-4,4,7,0,18,13,11,0,1,-8,-14,-21,0,0,0,0,0,0,0,0,0,0,163,149,178,152,114,124,117,132,416,411,443,443,419,429,449,451,441,437,461,437,445,416,395,318,379,358,370,347,410,392,400,395,377,384,424,431,578,569,725,725,718,718,827,797,4582,2636,29958,29959,29959,29960,29960,29964,29965,29966,29966,29967,29966,29967,29968,29969,29969,29970,29970,29970,29973,29974]} 1. d4 Nf6 2. g3 d5 3. Nf3 c6 4. c4 dxc4 5. Bg2 b5 6. Ne5 {D11: Slav Defence: 3 Nf3 sidelines and 3...Nf6 4 e3 Bg4.} Bb7 7. a4 {[#] Hoping for axb5.} Qc8 8. O-O {The position is equal.} e6 9. b3 cxb3 10. Qxb3 b4 11. a5 c5 12. Bxb7 Qxb7 {[#]} 13. Be3 $146 ({Predecessor:} 13. a6 Qd5 14. Qa4+ Nbd7 15. Rd1 cxd4 16. Nc6 e5 17. Nxb4 Bxb4 18. Qxb4 Rb8 19. Qa3 {0-1 (27) Ruck,R (2450)-Varga,Z (2455) Balatonbereny 1997}) 13... cxd4 14. Bxd4 {Black must now prevent a6!} Be7 15. a6 $36 {[%mdl 2048] White is more active.} Qd5 $1 {[%cal Rd5b3]} 16. Qa4+ Nbd7 $2 {[#]} (16... Nfd7 $1 $11 17. Nxd7 Qxd7) 17. Rd1 $1 $18 {And now Bb2 would win.} Rd8 ({But not} 17... O-O $2 18. Nc6 $18) 18. Bb2 {Played: Ne5-c6} 1-0

[Event "CHI-ch Absoluto 2020"]
[Site "Las Condes"]
[Date "2020.02.14"]
[Round "4.4"]
[White "Salinas Herrera, Pablo Patricio"]
[Black "Gomez Barrera, Gonzalo Andres"]
[Result "1-0"]
[WhiteElo "2502"]
[BlackElo "2040"]
[Annotator "TA"]
[PlyCount "71"]
[EventDate "2020.02.11"]
[EventType "tourn"]
[EventCountry "CHI"]
[SourceTitle "playchess.com"]
[Source "ChessBase"]
[SourceQuality "1"]

{[%evp 10,71,28,27,38,0,36,40,151,144,147,149,141,149,141,143,153,153,155,153,153,135,170,161,156,112,114,113,126,130,139,137,194,193,190,200,187,133,185,180,176,180,176,179,281,114,235,232,272,272,279,270,303,293,327,329,311,307,492,485,511,514,514,502]} 1. e4 c6 2. Nf3 d5 3. Nc3 dxe4 4. Nxe4 Nf6 5. Qe2 Nxe4 6. Qxe4 Qd5 {B11: Caro-Kann: Two Knights Variation.} 7. Qh4 Bf5 8. Bc4 Qe4+ (8... Qc5 $14) 9. Qxe4 $16 Bxe4 10. Bxf7+ $1 {[%mdl 64] [#] Decoy} Kxf7 11. Ng5+ {[%mdl 64] Double Attack} Kg6 12. Nxe4 {[#]} Na6 $146 ({Predecessor:} 12... e5 13. h4 h5 14. Rh3 Nd7 15. Rg3+ Kf7 16. Ng5+ Kg8 17. d3 Re8 18. Ne4 Kf7 {1-0 (45) Yoo,C (2449)-Cordova,E (2570) Saint Louis 2019}) 13. a3 e5 14. d3 Nc5 15. Be3 Ne6 16. Rf1 Be7 17. f4 exf4 18. Bxf4 Rae8 19. Be3 h6 20. Kd2 Bg5 (20... a5 $16 21. Bb6 a4) 21. Rae1 $18 b6 22. Nd6 Ref8 23. Nc4 ({Better is} 23. Rxf8 $18 Rxf8 24. Bxg5 Nxg5 25. Re7) 23... Bxe3+ (23... Rxf1 $16 {is a better defense.} 24. Rxf1 Bf6) 24. Kxe3 Rxf1 25. Rxf1 $16 {[%mdl 4096] Endgame KRN-KRN} Re8 26. Ne5+ Kg5 (26... Kh7 $142 27. d4 c5) 27. g4 (27. d4 $18) 27... g6 (27... Kh4 $16 {might work better.}) 28. d4 $18 c5 29. c3 cxd4+ 30. cxd4 Nd8 31. Kd3 Ne6 32. Ke4 h5 33. gxh5 gxh5 $2 {[#]} (33... Kxh5 34. Rf6 Ng5+ 35. Kd5 Rg8) 34. Rf5+ {White is clearly winning.} Kh6 35. h4 Nd8 36. d5 {Accuracy: White = 77%, Black = 44%.} 1-0